| 000 | 01738 a2200397 4500 | ||
|---|---|---|---|
| 001 | 66909 | ||
| 650 |
_940489 _aSınıraşan suç _xÖnleme _xUluslararası işbirliği |
||
| 650 |
_940492 _aTransnational crime _xPrevention _xInternational cooperation |
||
| 999 |
_c66909 _d36189 |
||
| 003 | TR-AnTOB | ||
| 005 | 20200629132415.0 | ||
| 008 | 151027s2003 nyu i000 0 d | ||
| 010 | _a2004555277 | ||
| 035 | _a(OCoLC)ocm54522227 | ||
| 040 |
_aBWS _cBWS _dOCLCQ _dDLC |
||
| 041 | _aeng | ||
| 050 | 0 |
_aK5256 _b.M85 2003 |
|
| 090 | _aK5256 .M85 2003 | ||
| 245 | 0 |
_aMultilateral treaty framework : _ban invitation to universal participation : focus 2003 : treaties against transnational organized crime and terrorism / _cUnited Nations. |
|
| 246 | _aTraitâes multilatâeraux : pour une participation universelle | ||
| 264 | 1 |
_aNew York : _bUnited Nations, _cc2003. |
|
| 300 |
_a81 p. : 84 p. ; _c28 cm. |
||
| 490 | 0 | _aFocus (UN Treaty Event series) | |
| 500 | _a"033612 - April 2003 - 10,000"--T.p. verso. | ||
| 500 | _aConsists of "Summaries and status as of 24 March 2003 of the core group of multilateral treaties"--P. iii. | ||
| 546 | _aText in English and French, with French text inverted. | ||
| 650 | 7 |
_aTerörizm _xÖnleme _xUluslararası işbirliği _2etuturkob _940490 |
|
| 650 | 0 |
_aOrganized crime _xPrevention _xInternational cooperation _940491 |
|
| 650 | 0 |
_aTerrorism _xPrevention _xInternational cooperation _940493 |
|
| 710 | 2 |
_aUnited Nations. _bSecretariat _922250 |
|
| 856 |
_uhttp://untreaty.un.org _3United Nations Treaty Collection on the Internet |
||
| 857 |
_uhttp://www.un.org/law/technical/technical.htm _3For UN Legal Technical Assistance Information |
||
| 901 | _a0020567,0022943 | ||
| 902 | _aBS | ||
| 942 | _cBK | ||